| 000 | 01034nam a2200229Ii 4500 | ||
|---|---|---|---|
| 003 | JO-AjNU | ||
| 008 | 230605s9999||||xx |||||||||||||| ||und|| | ||
| 017 | _a2014/9/4468 | ||
| 020 | _a978-9957-16-906-0 | ||
| 040 |
_aJO-AjNU _bara _erda _cJO-AjNU |
||
| 041 | _aara | ||
| 050 | 1 | 4 | _aK1150.2015 |
| 100 | 3 |
_aعبابنة، محمود محمد, _eauthor _956712 |
|
| 245 | 0 | 0 | _aأحكام عقد النقل: النقل البحري- النقل البري - النفل الجوي " دراسة مقارنة على ضوء التشريعات الوطنية والعربية والاتفاقيات الدولية والاجتهادات القضائية |
| 250 | _aط1 | ||
| 264 | 3 | 1 | _aعمان: دار الثقافة، 2015 |
| 300 |
_a448ص _bيشتمل على ملاحق ص(403-438) ويشتمل على مراجع ببلوغرافيةص(441-448) |
||
| 336 |
_atext _btxt _2rdacontent |
||
| 337 |
_aunmediated _bn _2rdamedia |
||
| 338 |
_avolume _bnc _2rdacarrier |
||
| 650 | 4 |
_aالقانون -- النقل -- المواصلات _956713 |
|
| 999 |
_aA25372 _c28940 _d28940 |
||